Global security in a multipolar world (Record no. 3125)

MARC details
000 -BAŞLIK
Sabit Uzunlukta Kontrol Alanı 00729na a2200241 4500
001 - KONTROL NUMARASI
Denetim Alanı 17218
003 - KONTROL NUMARASI IDENTIFIER
Denetim Alanı MIRAKIL
005 - SON İŞLEM TARİHİ VE ZAMANI
Denetim Alanı 20181213154921.0
008 - SABİT-BOY VERİ ELEMANLARI - GENEL BİLGİLER
Sabit Uzunlukta Kontrol Alanı 161023b tu 000 0
020 ## - ULUSLARARASI STANDART KİTAP NUMARASI
Uluslararası Standart Kitap Numarası 9789291981564
040 ## - KATALOGLAMA KAYNAK
Orijinal Kataloglama Ajansı Milas
Kataloglama Dili tur
Metne Dönüştürmek Ajansı TR-AnCHP
041 ## - DİL KODU
Metin / Ses Parça Veya Ayrı Başlığın Dil Kodu eng
082 ## - DEWEY ONLU SINIFLANDIRMA NUMARASI
Sınıflandırma Numarası 363.1
Ürün Numarası G46 2009
090 ## - SINIFLAMA NUMARASI
Sınıflama Numarası 363.1 G46 2009
245 ## - BAŞLIK TABLOSU
Başlık Global security in a multipolar world
Sorumluluk Tablosu, Vb Feng Zhongping ... [ve diğ.] ; edited by Luis Peral ; with an introd. by Álvaro de Vasconcelos.
260 ## - YAYIN, DAĞITIM, VB
Yayın, Dağıtım, Vb Yeri Paris
Yayıncı, Dağıtıcı, Vs Adı Institute for Security Studies
Yayın, Dağıtım, Vb Tarihi 2009
300 ## - FİZİKSEL TANIM
Kapsam 135 s.
Boyutlar 25 sm.
650 ## - KONU KATMA GİRİŞ - TOPİKAL DÖNEM
Topikal Süreli Veya Coğrafi Ad Giriş Elemanı Güvenlik, Uluslararası
700 ## - KATMA GİRİŞ - KİŞİSEL İSİM
Kişisel Ad Vasconcelos, Alvaro
700 ## - KATMA GİRİŞ - KİŞİSEL İSİM
Kişisel Ad Peral, Luis
700 ## - KATMA GİRİŞ - KİŞİSEL İSİM
Kişisel Ad Zhongping, Feng
942 ## - EKLENDİ GİRİŞ ELEMANLARI (KOHA)
Sınıflandırma Veya Raf Düzeni Kaynak Dewey Decimal Classification
Koha Öğesi Türü Books
999 ## - SİSTEM KONTROL NUMARALARI (KOHA)
Koha Biblionumber 3125
Koha Biblioitemnumber 3125
Holdings
Kalıcı Konum Mevcut Konum Edinme Tarihi Edinim Kaynak Toplam Check-Out'Lar Tam Çağrı Numarası Barkod Tarih Son Görülme İtibaren Geçerli Fiyatlar Koha Öğesi Türü
CHP Kütüphanesi CHP Kütüphanesi 10/23/2016 Bağış   363.1 G46 2009 007582 10/23/2016 10/23/2016 Books